Normal view
MARC view
- Beckman, Theodore N
Entry Personal Name
001 - CONTROL NUMBER
- control field: 20761
003 - CONTROL NUMBER IDENTIFIER
- control field: OSt
005 - DATE AND TIME OF LATEST TRANSACTION
- control field: 20110304100236.0
008 - FIXED-LENGTH DATA ELEMENTS
- fixed length control field: 110304|||a|||||| | ||| d
040 ## - CATALOGING SOURCE
- Original cataloging agency: OSt
- Transcribing agency: OSt
100 ## - HEADING--PERSONAL NAME
- Personal name: Beckman, Theodore N
670 ## - SOURCE DATA FOUND
- Source citation: Work cat.: (OSt): Beckman, Theodore N, Credits and collections in theory and practice , 1955
670 ## - SOURCE DATA FOUND
- Source citation: Work cat.: (OSt): Beckman, Theodore N, Credits and collections in theory and practice , 1955
